| 000 | 00815nam a22002655i 4500 | ||
|---|---|---|---|
| 001 | 169158 | ||
| 003 | ES-MaACL | ||
| 005 | 20230906214019.0 | ||
| 008 | 080820s1999 sp |||| | spa d | ||
| 017 | _aB-16.869-99 | ||
| 020 | _a84-7664-645-3 | ||
| 080 | _a929 Martínez, Adelaida 364.22 | ||
| 080 | _a364.22 | ||
| 100 | 1 |
_aAliena Miralles, Rafael. _9138226 |
|
| 245 | 1 | 0 |
_aAdelaida Martínez y el honor de la pobreza / _cRafael Aliena Miralles. |
| 260 |
_aBarcelona : _bFundación "la Caixa", _c1999. |
||
| 300 |
_a239 p. ; _c21 cm. |
||
| 490 | 1 |
_aPremios Duocastella ; _v11 |
|
| 504 | _aBibliografía. | ||
| 600 | 1 | 4 |
_aMartínez, Adelaida. _9138228 |
| 650 | 4 |
_aPobreza. _916143 |
|
| 830 | 0 |
_aPremios Duocastella ; _v11 _9188846 |
|
| 852 | 4 |
_aES-MaACL _jL-29538 _9R.143135 |
|
| 999 |
_c169158 _d169158 |
||